| 000 | 00877nam a2200241Ia 4500 | ||
|---|---|---|---|
| 003 | OSt | ||
| 005 | 20221005112406.0 | ||
| 006 | a|||||r|||| 00| 0 | ||
| 007 | ta | ||
| 008 | 221004b |||||||| |||| 00| 0 pan d | ||
| 020 |
_a9789380085487 _c250 |
||
| 024 | _a106502 | ||
| 037 |
_b7848/II, 21/02/2011, Arsee Publishers _cTextual |
||
| 040 |
_aCRL _cCRL _bpan |
||
| 041 |
_2pan _apan |
||
| 082 | _aO153(Y11)x, P9 | ||
| 100 |
_aਜਗਰਾਓ੍ਵ, ਜਸਪ੍ਰੀਤ ਸਿੰਘ, ਥਦ। _9168570 |
||
| 245 | 0 | _aਤਾਰੇ ਭਲਕ ਦੇ | |
| 260 |
_aਸਮਾਣਾ _bਸੰਗਮ ਪਬਲੀਕੇਨਗ਼ ਭਾਰਤ _c2009 |
||
| 300 |
_a264ਪੰ _ccm. |
||
| 942 |
_hO153(Y11)x, P9 _cTEXL _2cc |
||
| 999 |
_c1024737 _d1024737 |
||